000 00636nam a2200217Ia 4500
005 20250508165420.0
008 008 250505s9999 xx 000 0 eng d
020 _a978-0-349-11254-1
037 _aTextual
040 _aFEDL
_beng
_cFEDL
041 _aeng
_2eng
084 _a370.15, KAP
_qFEDL
100 _aKapur Malavika Ed.
_9398204
245 0 _aDevelopmental psychology and education: Bridging the gap
260 _aDelhi, India
_bICSSR
_c2012
300 _a326P.
365 _aINR
_b1000
700 _a Koot Hans M Ed. Lamb Michael Ed.
_9780791
942 _cTEXL
_h370.15, KAP
999 _c1394995
_d1394995